000 00421nam a22001457a 4500
999 _c63831
_d63831
005 20181127150205.0
020 _a8120718348
_c00.00
035 _aA-897892, B-897891
037 _aDPL
_bENG
100 _aAhmad, Nassim Saeed
245 _aPalmistry Simplified /
_cby Nassim Saeed Ahmad
260 _aNew Delhi
_bSterling Paperbacks
_c1997
300 _aix, 198p.
_c18 cms.
942 _2ddc
_cEN
_h133.6
_mNAS